El Sistema de gobierno de los Estados Unidos de América
Sábháilte in:
| Príomhchruthaitheoir: | |
|---|---|
| Formáid: | Téacs |
| Foilsithe / Cruthaithe: |
Buenos Aires:
Fraterna
|
| Clibeanna: |
Cuir clib leis
Níl clibeanna ann, Bí ar an gcéad duine le clib a chur leis an taifead seo!
|
MARC
| LEADER | 00000 a a2200000 04500 | ||
|---|---|---|---|
| 001 | 23026 | ||
| 003 | |||
| 040 | |||
| 020 | |a 950-9097-68-3 | ||
| 090 | |a 158700 | ||
| 100 | |a Griffith, Ernest S. | ||
| 245 | |a El Sistema de gobierno de los Estados Unidos de América | ||
| 260 | |a Buenos Aires: |b Fraterna | ||
| 300 | |a 272 p. | ||
| 999 | |c 7415 |d 7415 | ||



